<?xml version="1.0" encoding="UTF-8"?>
<record
    xmlns:xsi="http://www.w3.org/2001/XMLSchema-instance"
    xsi:schemaLocation="http://www.loc.gov/MARC21/slim http://www.loc.gov/standards/marcxml/schema/MARC21slim.xsd"
    xmlns="http://www.loc.gov/MARC21/slim">

  <leader>012410000a22002050004500</leader>
  <controlfield tag="001">768714001</controlfield>
  <controlfield tag="003">CO-MdFUSB</controlfield>
  <controlfield tag="005">20170208114334.0</controlfield>
  <controlfield tag="008">170208s2002    c  ||||| |||| 00| 0 s   d</controlfield>
  <datafield tag="040" ind1=" " ind2=" ">
    <subfield code="a">CO-MdFUSB</subfield>
    <subfield code="b">spa</subfield>
    <subfield code="c">CO-MdFUSB</subfield>
    <subfield code="d">CO-MdFUSB</subfield>
  </datafield>
  <datafield tag="041" ind1=" " ind2=" ">
    <subfield code="a">spa</subfield>
  </datafield>
  <datafield tag="100" ind1="1" ind2=" ">
    <subfield code="a">Bergman, Nils (Gosta) (1894-)</subfield>
    <subfield code="e">autor</subfield>
  </datafield>
  <datafield tag="245" ind1="1" ind2="0">
    <subfield code="a">Ministerio entre ni&#xF1;as trabajadoras est&#xE1; cambiando vidas</subfield>
    <subfield code="b">y defiende la causa del pobre y del menesteroso</subfield>
  </datafield>
  <datafield tag="300" ind1=" " ind2=" ">
    <subfield code="a">Volumen 4, n&#xFA;mero  14 (2002), P&#xE1;ginas 10-12</subfield>
    <subfield code="c">27 cm.</subfield>
  </datafield>
  <datafield tag="520" ind1=" " ind2=" ">
    <subfield code="a">Mosoj Yan, camino nuevo en Quechua, es un ministerio que viene trabajando en Cochabamba, Bolivia desde 1991 a favor de las nias de 5 a 17 a&#xF1;os de edad que trabajan en la calle. Convencido que el prop&#xF3;sito de Dios para estas ni&#xF1;as es que tengan vida y que la tengan en abundancia, Mosoj Yan se ha enmarcado en una misi&#xF3;n muy clara: Acompa&#xF1;ar a ni&#xF1;as trabajadoras en los procesos de cambio y transformaci&#xF3;n de sus vidas y comunidad con el prop&#xF3;sito de lograr una plenitud de vida</subfield>
  </datafield>
  <datafield tag="546" ind1=" " ind2=" ">
    <subfield code="a">Texto en espa&#xF1;ol</subfield>
  </datafield>
  <datafield tag="650" ind1="1" ind2="4">
    <subfield code="a">TRABAJO SOCIAL CON NI&#xD1;OS - ESTUDIO DE CASOS</subfield>
  </datafield>
  <datafield tag="773" ind1="0" ind2=" ">
    <subfield code="t">Alcanzando a los Ni&#xF1;os en Riesgo</subfield>
    <subfield code="0">49458</subfield>
    <subfield code="9">60582</subfield>
    <subfield code="g">Volumen 4, n&#xFA;mero  14 (2002), P&#xE1;ginas 10-12</subfield>
    <subfield code="q">P&#xE1;gina 10</subfield>
  </datafield>
  <datafield tag="942" ind1=" " ind2=" ">
    <subfield code="c">ANA</subfield>
  </datafield>
  <datafield tag="952" ind1=" " ind2=" ">
    <subfield code="0">0</subfield>
    <subfield code="1">0</subfield>
    <subfield code="4">0</subfield>
    <subfield code="7">0</subfield>
    <subfield code="8">HEM</subfield>
    <subfield code="a">FUSBC</subfield>
    <subfield code="b">FUSBC</subfield>
    <subfield code="d">2016-01-26</subfield>
    <subfield code="l">0</subfield>
    <subfield code="o"> </subfield>
    <subfield code="r">2016-01-26 00:00:00</subfield>
    <subfield code="w">2016-01-26</subfield>
    <subfield code="y">ANA</subfield>
  </datafield>
  <datafield tag="999" ind1=" " ind2=" ">
    <subfield code="c">49608</subfield>
    <subfield code="d">49608</subfield>
  </datafield>
</record>
